000 01511na a2200373 4500
001 19183
003 MIRAKIL
005 20181213155058.0
008 161209b tu 000 0
040 _aMilas
_btur
_cTR-AnCHP
041 _atur
082 _aCHP 324.2172092
_bB29s 2000
090 _aBROŞÜR 9
100 _aBaykal, Deniz
222 _aCHP Genel Başkanı Deniz Baykal'ın konuşmaları
245 _aSN. Deniz Baykal'ın Cumhuriyet Halk Partisi 11. olağanüstü kurultayında yaptığı konuşma
_b(30 Eylül 2000, Ankara)
_cDeniz Baykal
246 _aDeniz Baykal'ın 11. olağanüstü kurultay konuşması
246 _aDeniz Baykal'ın CHP 11. olağanüstü kurultayında yaptığı konuşma
260 _a[Ankara]
_b[CHP]
_c2000
300 _a89 s.
_c17 sm.
490 _aCumhuriyet Halk Partisi yayınları
500 _a10 kopya.
600 _aBaykal, Deniz
_cCHP Genel Başkanı
_xKonuşmalar, 2000
_yOlağanüstü kurultaylar, 2000
610 _aCHP
_xSöylev ve demeçler
_yOlağanüstü kurultaylar, 2000
650 _aCHP Genel başkanları
_xKonuşmalar, 2000
_yOlağanüstü kurultaylar, 2000
657 _aDeniz Baykalın konuşmaları
710 _aCHP
711 _aCHP Olağanüstü Kurultayı
_cAnkara
_d30 Eylül 2000
_n11.
740 _aDeniz Baykal'ın 11. olağanüstü kurultay konuşması
740 _aDeniz Baykal'ın CHP 11. olağanüstü kurultayında yaptığı konuşma
830 _aCHP yayınları
942 _2dcc
_cBKS
999 _c6165
_d6165